Интеллектуальная фото-дизельная система электроснабжения на постоянном токе: автореферат диссертации на соискание ученой степени кандидата технических наук; спец. 2.4.2

Bibliographic Details
Main Author: Муравьев Д. И. Дмитрий Игоревич
Corporate Author: Национальный исследовательский Томский политехнический университет
Other Authors: Лукутин Б. В. Борис Владимирович (научный руководитель)
Summary:Защита сост. 17.03.2023
Language:Russian
Published: Томск, 2022
Subjects:
Format: Book
KOHA link:https://koha.lib.tpu.ru/cgi-bin/koha/opac-detail.pl?biblionumber=377312

MARC

LEADER 00000nam0a2200000 4500
001 377312
005 20240117113722.0
035 |a (RuTPU)RU\TPU\retro\34761 
090 |a 377312 
100 |a 20230220d2022 k y0rusy50 ca 
101 0 |a rus 
102 |a RU 
105 |a a dm 001zy 
200 1 |a Интеллектуальная фото-дизельная система электроснабжения на постоянном токе  |e автореферат диссертации на соискание ученой степени кандидата технических наук  |e спец. 2.4.2  |f Д. И. Муравьев  |g Национальный исследовательский Томский политехнический университет ; науч. рук. Б. В. Лукутин 
210 |a Томск  |d 2022 
215 |a 21 с.  |c ил. 
300 |a Защита сост. 17.03.2023 
320 |a Библиогр.: с. 21 (8 назв.) 
452 1 |0 (RuTPU)RU\TPU\retro\34251  |t Интеллектуальная фото-дизельная система электроснабжения на постоянном токе  |o автореферат диссертации на соискание ученой степени кандидата технических наук  |o спец. 2.4.2  |f Д. И. Муравьев  |g Национальный исследовательский Томский политехнический университет ; науч. рук. Б. В. Лукутин  |c Томск  |d 2022  |a Муравьев, Дмитрий Игоревич 
606 1 |a Фото-дизельные электрические станции  |2 stltpush  |3 (RuTPU)RU\TPU\subj\78303  |9 87814 
610 1 |a Россия 
610 1 |a удаленные районы 
610 1 |a электроснабжение 
610 1 |a автономные системы 
610 1 |a возобновляемые источники энергии 
610 1 |a распределенная интеграция 
610 1 |a оптимизационные задачи 
610 1 |a энергоменеджмент 
610 1 |a авторефераты диссертаций 
610 1 |a труды учёных ТПУ 
675 |a 621.311.26(04)  |v 4 
686 |a 05.09.03  |2 oksvnk 
700 1 |a Муравьев  |b Д. И.  |g Дмитрий Игоревич 
702 1 |a Лукутин  |b Б. В.  |c специалист в области электротехники  |c профессор Томского политехнического университета, доктор технических наук  |f 1948-  |g Борис Владимирович  |3 (RuTPU)RU\TPU\pers\21974  |4 727  |9 9293 
712 0 2 |a Национальный исследовательский Томский политехнический университет  |c (2009- )  |3 (RuTPU)RU\TPU\col\15902  |9 26305 
801 1 |a RU  |b 63413507  |c 20230220 
801 2 |a RU  |b 63413507  |c 20230403  |g RCR 
942 |c BK